00893nam a2200253 450000100070000000500170000700800040002401000170002802000150004502000220006004000190008205000210010108200140012210000310013624500360016725000120020326000640021530000330027950400410031265000220035385600860037585600740046185601040053556244920150122160727.0000 a 89001018  a0521365023 a0521367441 (pbk.) aUOELcDLCdDLC00aQK566b.L44 198900a589.32201 aLee, Robert Edward,d1942-10aPhycology /cRobert Edward Lee. a2nd ed. aCambridge ;aNew York :bCambridge University Press,c1989. axv, 645 p. :bill. ;c24 cm. aIncludes bibliographical references. 0aAlgology.xBotany423Publisher descriptionuhttp://www.loc.gov/catdir/description/cam023/89001018.html413Table of contentsuhttp://www.loc.gov/catdir/toc/cam026/89001018.html423Contributor biographical informationuhttp://www.loc.gov/catdir/enhancements/fy1011/89001018-b.html